Central Library OPAC University of Rajshahi

The Cambridge companion to Wordsworth / (Record no. 21143)

MARC details
000 -LEADER
fixed length control field 01004nam a2200301 a 4500
001 - CONTROL NUMBER
control field 21143
003 - CONTROL NUMBER IDENTIFIER
rucl marc code BD-RjUL
005 - DATE AND TIME OF LATEST TRANSACTION
control field 20211209000643.0
008 - FIXED-LENGTH DATA ELEMENTS--GENERAL INFORMATION
fixed length control field 140303s2003 enk b 001 1 eng d
020 ## - INTERNATIONAL STANDARD BOOK NUMBER
International Standard Book Number 0521646812
International Standard Book Number 0521641160 (pb.)
035 ## - SYSTEM CONTROL NUMBER
System control number (OCoLC)ocm50669821
System control number (BD-RjUL)21207
040 ## - CATALOGING SOURCE
Original cataloging agency DLC
Transcribing agency DLC
Modifying agency UKM
-- C#P
-- NNC
-- BD-RjUL
Language of cataloging eng
041 ## - LANGUAGE CODE
Language code of text/sound track or separate title eng
082 00 - DEWEY DECIMAL CLASSIFICATION NUMBER
Classification number 821.7
Edition number 21
Author mark and year CAM 2003
245 04 - TITLE STATEMENT
Title The Cambridge companion to Wordsworth /
Statement of responsibility, etc. edited by Stephen Gill.
260 ## - PUBLICATION, DISTRIBUTION, ETC. (IMPRINT)
Place of publication, distribution, etc. Cambridge ;
-- New York :
Name of publisher, distributor, etc. Cambridge University Press,
Date of publication, distribution, etc. 2003.
300 ## - PHYSICAL DESCRIPTION
Pagination xxi, 295 p. ;
Size 23 cm.
490 1# - SERIES STATEMENT
Series statement Cambridge companions to literature
504 ## - BIBLIOGRAPHY, ETC. NOTE
Bibliography, etc Includes bibliographical references (p. 246-264) and index.
600 10 - SUBJECT ADDED ENTRY--PERSONAL NAME
Personal name Wordsworth, William,
Dates associated with a name 1770-1850
General subdivision Criticism and interpretation.
700 1# - ADDED ENTRY--PERSONAL NAME
Personal name Gill, Stephen.
830 #0 - SERIES ADDED ENTRY--UNIFORM TITLE
Uniform title Cambridge companions to literature.
942 ## - ADDED ENTRY ELEMENTS (KOHA)
Source of classification or shelving scheme Dewey Decimal Classification
Koha item type Books
Holdings
Lost status Source of classification or shelving scheme Damaged status Not for loan Collection code Permanent Location Current Location Shelving location Date acquired Source of acquisition Cost, normal purchase price Total Checkouts Full call number Date last seen Date checked out Copy number Koha item type
  Dewey Decimal Classification     Fiction Central Library, University of Rajshahi Central Library, University of Rajshahi   07/03/2011 Dhaka Paragon Enterprise Ltd. 20.99 1 821.7 CAM 2003 07/03/2019 14/03/2017 C-3 Books
  Dewey Decimal Classification     Non-fiction Central Library, University of Rajshahi Central Library, University of Rajshahi   07/03/2011 Paragon Enterprizes, Dhaka 20.99   821.7 CAM 2003 04/10/2016   C-2 Books
  Dewey Decimal Classification   Not For Loan Non-fiction Central Library, University of Rajshahi Central Library, University of Rajshahi Reading Room 07/03/2011 Paragon Enterprise Ltd.Dhaka. 20.99   821.7 CAM 2003 25/01/2017   C-1 Books